000 00321nam a22001457a 4500
008 230622b ||||| |||| 00| 0 eng d
020 _a9780134107165
041 _aeng
080 _a51
082 _a51BLI
100 _a23
101 _aMATE
245 _aPATHWAYS TO COLLEGE MATHEMATICS
_cBLITZER
942 _2udc
_cBK
999 _c60023
_d60023